Parížska burza Charakteristika najvýznamnejších svetových búrz

Formovanie burzy cenných papierov v Paríži. V súčasnosti pripadá na parížsku burzu (Bourse des Valeurs de Paris) viac ako 95 percent z celkového objemu obchodov, ktoré sa uskutočnia na francúzskych burzách. Obchodovanie na burze, právomoc burzových spoločností. Orgány burzy. Fungovanie burzy. Termín...

Ausführliche Beschreibung

Gespeichert in:
Bibliographische Detailangaben
1. Verfasser: Luptáková, O.
Format: Buchkapitel
Sprache:Slowakisch
Schlagworte:
Tags: Tag hinzufügen
Keine Tags, Fügen Sie das erste Tag hinzu!

MARC

LEADER 00000naa a2200000 4500
001 r017113
005 20221205102656.1
041 0 |a slo 
044 |a SK 
245 1 0 |a Parížska burza  |b Charakteristika najvýznamnejších svetových búrz  |c O. Luptáková 
520 |a Formovanie burzy cenných papierov v Paríži. V súčasnosti pripadá na parížsku burzu (Bourse des Valeurs de Paris) viac ako 95 percent z celkového objemu obchodov, ktoré sa uskutočnia na francúzskych burzách. Obchodovanie na burze, právomoc burzových spoločností. Orgány burzy. Fungovanie burzy. Termínové a promptné obchody. Najčastejšie obchodovateľné akcie na Parížskej burze v rokoch 1990-1991. 
610 2 0 |a burzy 
610 2 0 |a Paríž 
610 2 0 |a obchody burzové 
610 2 0 |a papiere cenné 
610 2 0 |a obchody termínové 
610 2 0 |a akcie 
610 2 0 |a 1990-1991 
100 1 |a Luptáková, O.